[Event "Hofheim Spring op-A 5th"]
[Site "Hofheim"]
[Date "2017.04.08"]
[Round "2"]
[White "Frank, Emanuel"]
[Black "Hock, Gerold"]
[Result "1-0"]
[WhiteElo "2133"]
[BlackElo "2031"]
[PlyCount "105"]
[EventDate "2017.04.07"]
[EventType "swiss"]
[EventRounds "9"]
[EventCountry "GER"]
[SourceTitle "CBM 177 Extra"]
[Source "ChessBase"]
[SourceDate "2017.04.27"]
[SourceVersion "1"]
[SourceVersionDate "2017.04.27"]
[SourceQuality "1"]

1. d4 e6 2. c4 Bb4+ 3. Bd2 Qe7 4. g3 d5 5. Bg2 Nf6 6. Nf3 0-0 7. 0-0 Ne4 8. Bf4 g5 9. Be3 c6 10. a3 Ba5 11. Nbd2 Nxd2 12. Bxd2 Bxd2 13. Nxd2 Nd7 14. e4 dxe4 15. Nxe4 f5 16. Nc3 Nb6 17. c5 Nd5 18. Nxd5 exd5 19. Re1 Qf6 20. f4 gxf4 21. gxf4 Bd7 22. Re5 Kh8 23. Qh5 Rg8 24. Kh1 Rg4 25. Rae1 Rag8 26. Re7 R8g7 27. Rxd7 Rxd7 28. Qe8+ Rg8 29. Qxd7 Qxd4 30. Qxf5 Qxb2 31. Qe5+ Qxe5 32. fxe5 Kg7 33. Rb1 Rb8 34. Bh3 Kf7 35. Bd7 b6 36. e6+ Ke7 37. Bxc6 Kxe6 38. Re1+ Kf6 39. cxb6 Rxb6 40. Bxd5 Rb5 41. Bc6 Rc5 42. Be8 Rc2 43. a4 Rb2 44. Bb5 Ra2 45. Re2 Ra3 46. Kg2 h5 47. Rc2 Kg5 48. Rc5+ Kh6 49. Rc7 a5 50. Ra7 Kg5 51. Rxa5 Kh4 52. Be2 Rg3+ 53. hxg3# 1-0

[Event "Hofheim Spring op-A 4th"]
[Site "Hofheim"]
[Date "2016.04.01"]
[Round "7"]
[White "Rolf, Marco"]
[Black "Hock, Gerold"]
[Result "1-0"]
[WhiteElo "2034"]
[BlackElo "2064"]
[PlyCount "81"]
[EventDate "2016.03.29"]
[EventType "swiss"]
[EventRounds "9"]
[EventCountry "GER"]
[SourceTitle "CBM 171 Extra"]
[Source "ChessBase"]
[SourceDate "2016.04.26"]
[SourceVersion "1"]
[SourceVersionDate "2016.04.26"]
[SourceQuality "1"]

1. d4 g6 2. c4 d6 3. Nf3 Bg7 4. Nc3 e5 5. dxe5 dxe5 6. Qxd8+ Kxd8 7. Ng5 Nh6 8. g3 f6 9. Nge4 Nf7 10. Be3 c6 11. Bg2 Kc7 12. 0-0 f5 13. Nd2 Be6 14. b4 Nd7 15. Rac1 g5 16. Nb3 f4 17. Bd2 Bxc4 18. Nd5+ Bxd5 19. Bxd5 Nd6 20. Rfd1 Rhe8 21. Na5 Nb6 22. Nxc6 Kd7 23. Bg2 bxc6 24. b5 Ke7 25. Bb4 c5 26. Rxc5 Rac8 27. Rxd6 Kf7 28. Rdc6 Bf8 29. Rxc8 Rxc8 30. Rxc8 Nxc8 31. Bxf8 Kxf8 32. a4 Ke7 33. a5 Kd7 34. Bh3+ Kc7 35. Bxc8 Kxc8 36. gxf4 exf4 37. f3 Kc7 38. Kg2 Kd6 39. h4 Kc5 40. b6 axb6 41. axb6 1-0

[Event "Hofheim Spring op-A 4th"]
[Site "Hofheim"]
[Date "2016.03.30"]
[Round "2"]
[White "Huschens, Matthias"]
[Black "Hock, Gerold"]
[Result "1-0"]
[WhiteElo "1929"]
[BlackElo "2064"]
[PlyCount "119"]
[EventDate "2016.03.29"]
[EventType "swiss"]
[EventRounds "9"]
[EventCountry "GER"]
[SourceTitle "CBM 171 Extra"]
[Source "ChessBase"]
[SourceDate "2016.04.26"]
[SourceVersion "1"]
[SourceVersionDate "2016.04.26"]
[SourceQuality "1"]

1. Nf3 d6 2. d4 g6 3. e4 Bg7 4. Nc3 a6 5. Be3 b5 6. Qd2 Bb7 7. Bd3 Nd7 8. a4 b4 9. Ne2 a5 10. c3 bxc3 11. Nxc3 Ngf6 12. h3 0-0 13. 0-0 c5 14. Rad1 Rc8 15. d5 Qb6 16. Rfe1 Nb8 17. Bb5 Rfd8 18. Qe2 Na6 19. Nd2 Nb4 20. Nc4 Qa7 21. Bg5 Rc7 22. f4 Qa8 23. Kh2 Nxe4 24. Qxe4 Bxc3 25. bxc3 Nxd5 26. Qc2 Kg7 27. Ne3 f6 28. Nxd5 Bxd5 29. Bh4 Qb7 30. Qd2 Bf7 31. c4 Qa7 32. Qc3 Kg8 33. Re3 Ra8 34. Rde1 Qb7 35. f5 Ra7 36. g4 g5 37. Bg3 Kg7 38. Qd3 Qc8 39. Qe4 Qd8 40. Qf3 h6 41. Rc1 Qa8 42. Qxa8 Rxa8 43. Rce1 Raa7 44. Kg1 h5 45. gxh5 Bxh5 46. h4 gxh4 47. Bxh4 Kf7 48. Rf1 Ra8 49. Be1 Rg8+ 50. Rg3 Rcc8 51. Bd7 Rxg3+ 52. Bxg3 Rb8 53. Bb5 Rg8 54. Kg2 Be2 55. Rf4 Rb8 56. Be1 d5 57. Kf2 Bd3 58. Ke3 dxc4 59. Bxc4+ Bxc4 60. Rxc4 1-0

[Event "Forchheim op-A 14th"]
[Site "Forchheim"]
[Date "2015.10.04"]
[Round "5"]
[White "Imcke, Patrick"]
[Black "Hock, Gerold"]
[Result "1-0"]
[WhiteElo "2119"]
[BlackElo "2100"]
[PlyCount "55"]
[EventDate "2015.10.02"]
[EventType "swiss"]
[EventRounds "5"]
[EventCountry "GER"]
[SourceTitle "EXT 2019"]
[Source "ChessBase"]
[SourceDate "2018.10.10"]
[SourceVersion "1"]
[SourceVersionDate "2018.10.10"]
[SourceQuality "1"]

1. e4 d6 2. d4 g6 3. Nc3 a6 4. Be3 b5 5. a4 b4 6. Na2 Bb7 7. f3 a5 8. c3 bxc3 9. Nxc3 Nf6 10. Qb3 Ba6 11. Rc1 Nfd7 12. Nd5 c6 13. Bxa6 Rxa6 14. Qb7 cxd5 15. Rc8 Rc6 16. Rxd8+ Kxd8 17. Qb5 Ra6 18. exd5 Bg7 19. Ne2 Kc7 20. Bd2 Rc8 21. Bxa5+ Nb6 22. b3 Kb7 23. 0-0 Rc2 24. Bc3 Rxc3 25. Nxc3 Bxd4+ 26. Kh1 Bxc3 27. Qd3 Bb4 28. Qe4 1-0

[Event "Main Vogelsberg op 8th"]
[Site "Hanau"]
[Date "2013.06.02"]
[Round "7"]
[White "Hock, Gerold"]
[Black "Trumpp, Lothar"]
[Result "0-1"]
[WhiteElo "1993"]
[BlackElo "1998"]
[PlyCount "40"]
[EventDate "2013.05.30"]
[EventType "swiss"]
[EventRounds "7"]
[EventCountry "GER"]
[SourceTitle "EXT 2014"]
[Source "ChessBase"]
[SourceDate "2013.11.20"]
[SourceVersion "1"]
[SourceVersionDate "2013.11.20"]
[SourceQuality "1"]

1. c4 e5 2. Nc3 Nf6 3. g3 g6 4. Bg2 d6 5. Nf3 c6 6. d4 Nbd7 7. e4 Bg7 8. 0-0 0-0 9. h3 Re8 10. Kh2 a6 11. dxe5 dxe5 12. Be3 Qc7 13. c5 Nf8 14. b4 Ne6 15. Na4 Nxe4 16. Nb6 Rb8 17. Qc2 Nf6 18. Rad1 Nf8 19. Nxc8 Rbxc8 20. Nxe5 Qxe5 0-1

[Event "Main Vogelsberg op 8th"]
[Site "Hanau"]
[Date "2013.06.02"]
[Round "6"]
[White "Schloessner, Henrik"]
[Black "Hock, Gerold"]
[Result "1/2-1/2"]
[WhiteElo "1951"]
[BlackElo "1993"]
[PlyCount "35"]
[EventDate "2013.05.30"]
[EventType "swiss"]
[EventRounds "7"]
[EventCountry "GER"]
[SourceTitle "EXT 2014"]
[Source "ChessBase"]
[SourceDate "2013.11.20"]
[SourceVersion "1"]
[SourceVersionDate "2013.11.20"]
[SourceQuality "1"]

1. e4 d5 2. exd5 Qxd5 3. Nc3 Qd6 4. Bc4 Nf6 5. d3 a6 6. a4 Nc6 7. Be3 Bg4 8. Nge2 Ne5 9. h3 Nxc4 10. dxc4 Qxd1+ 11. Rxd1 Bf5 12. Kd2 Ne4+ 13. Kc1 Nxc3 14. Nxc3 e6 15. Bf4 Rc8 16. Rhe1 Bc5 17. Bg3 0-0 18. Bh4 1/2-1/2

[Event "Hessenliga 0910"]
[Site "Germany"]
[Date "2009.11.29"]
[Round "4.6"]
[White "Nimsch, Helmut"]
[Black "Hock, Gerold"]
[Result "0-1"]
[WhiteElo "2077"]
[BlackElo "2082"]
[PlyCount "92"]
[EventDate "2009.09.20"]
[EventType "team-tourn"]
[EventRounds "9"]
[EventCountry "GER"]
[SourceTitle "EXT 2011"]
[Source "ChessBase"]
[SourceDate "2010.11.26"]
[SourceVersion "1"]
[SourceVersionDate "2010.11.26"]
[SourceQuality "1"]
[WhiteTeam "Frankfurt BvK II"]
[BlackTeam "Dettingen"]
[WhiteTeamCountry "GER"]
[BlackTeamCountry "GER"]

1. d4 Nf6 2. c4 e5 3. dxe5 Ng4 4. Nf3 Bb4+ 5. Nc3 Qe7 6. Qd4 h5 7. Bg5 Nc6 8. Bxe7 Nxd4 9. Bxb4 Nc2+ 10. Kd2 Nxb4 11. h3 Nh6 12. a3 Nc6 13. e4 Kd8 14. Be2 Re8 15. b4 g6 16. Rag1 a5 17. b5 Nxe5 18. Nxe5 Rxe5 19. f4 Re8 20. g4 hxg4 21. hxg4 Ng8 22. Bf3 d6 23. f5 Nf6 24. g5 Nd7 25. fxg6 fxg6 26. Rh7 Ne5 27. Be2 Be6 28. Nd5 Bxd5 29. exd5 b6 30. Rg7 Kc8 31. Rf1 Kb7 32. Bd3 Rg8 33. Re7 Raf8 34. Rf6 Rxf6 35. gxf6 Rf8 36. f7 g5 37. Bf5 Rxf7 38. Rxf7 Nxf7 39. Ke3 Ne5 40. Kd4 g4 41. Be6 g3 42. Bh3 Nf3+ 43. Ke3 Ne1 44. Bf5 g2 45. Kf2 Nf3 46. Kxg2 Nh4+ 0-1

[Event "Hessenliga 0910"]
[Site "Germany"]
[Date "2009.09.20"]
[Round "1.5"]
[White "Hock, Gerold"]
[Black "Kaiser, Richard"]
[Result "0-1"]
[WhiteElo "2082"]
[BlackElo "2210"]
[PlyCount "70"]
[EventDate "2009.09.20"]
[EventType "team-tourn"]
[EventRounds "9"]
[EventCountry "GER"]
[SourceTitle "EXT 2011"]
[Source "ChessBase"]
[SourceDate "2010.11.26"]
[SourceVersion "1"]
[SourceVersionDate "2010.11.26"]
[SourceQuality "1"]
[WhiteTeam "Dettingen"]
[BlackTeam "Bad Homburg"]
[WhiteTeamCountry "GER"]
[BlackTeamCountry "GER"]

1. d3 e5 2. f4 Nc6 3. Nf3 exf4 4. Bxf4 d5 5. e4 dxe4 6. dxe4 Qxd1+ 7. Kxd1 Nf6 8. Bd3 Ng4 9. Ke2 Bd6 10. Bxd6 cxd6 11. Nc3 Be6 12. Nb5 0-0-0 13. Nfd4 Rhe8 14. Rhf1 Nge5 15. Nxe6 Rxe6 16. Rf4 d5 17. Raf1 a6 18. Nc3 Nd4+ 19. Ke3 Nxc2+ 20. Bxc2 d4+ 21. Ke2 dxc3 22. bxc3 Rc6 23. Rd1 Rxc3 24. Rxd8+ Kxd8 25. Kd2 Rc5 26. Bb3 Ke7 27. Rf1 f6 28. Rb1 b5 29. a4 b4 30. Bg8 a5 31. Bxh7 Rc3 32. Ra1 Kd6 33. Bg8 Kc5 34. Bd5 Kd4 35. Ra2 f5 0-1

[Event "Hessenliga 0809"]
[Site "Germany"]
[Date "2008.09.14"]
[Round "1.7"]
[White "Hock, Gerold"]
[Black "Seifert, Christopher"]
[Result "1-0"]
[WhiteElo "2078"]
[BlackElo "2032"]
[PlyCount "71"]
[EventDate "2008.09.14"]
[EventType "team-tourn"]
[EventRounds "9"]
[EventCountry "GER"]
[SourceTitle "EXT 2011"]
[Source "ChessBase"]
[SourceDate "2010.11.26"]
[SourceVersion "1"]
[SourceVersionDate "2010.11.26"]
[SourceQuality "1"]
[WhiteTeam "Dettingen"]
[BlackTeam "Neuberg"]
[WhiteTeamCountry "GER"]
[BlackTeamCountry "GER"]

1. d4 Nf6 2. c4 c5 3. e3 g6 4. Nf3 Bg7 5. Be2 0-0 6. 0-0 cxd4 7. Qxd4 Nc6 8. Qh4 d6 9. Nc3 Qb6 10. Rb1 h6 11. e4 g5 12. Bxg5 hxg5 13. Nxg5 Re8 14. Nd5 Nxd5 15. cxd5 Nd8 16. b4 e6 17. Rb3 exd5 18. Rd1 Be5 19. Rf3 Qc7 20. exd5 f5 21. Bd3 f4 22. Qh5 Re7 23. Qg6+ Kf8 24. Re1 Qd7 25. Rh3 Qxh3 26. gxh3 Rg7 27. Qh5 Bxh3 28. Qh8+ Rg8 29. Qh6+ Rg7 30. Qh8+ Rg8 31. Qh6+ Rg7 32. Rxe5 dxe5 33. Qh8+ Rg8 34. Qf6+ Ke8 35. Bg6+ Kd7 36. Nxh3 1-0

[Event "Hessenliga 0708"]
[Site "Germany"]
[Date "2007.12.16"]
[Round "4.8"]
[White "Lampersberger, Erhard"]
[Black "Hock, Gerold"]
[Result "0-1"]
[WhiteElo "2114"]
[BlackElo "2082"]
[PlyCount "124"]
[EventDate "2007.09.30"]
[EventType "team"]
[EventRounds "9"]
[EventCountry "GER"]
[SourceTitle "EXT 2009"]
[Source "ChessBase"]
[SourceDate "2008.11.26"]
[SourceVersion "1"]
[SourceVersionDate "2008.11.26"]
[SourceQuality "1"]
[WhiteTeam "Baunatal"]
[BlackTeam "Dettingen"]
[WhiteTeamCountry "GER"]
[BlackTeamCountry "GER"]

1. e4 c5 2. Nf3 e6 3. b3 d6 4. Bb2 Nf6 5. Bb5+ Bd7 6. Bxd7+ Nbxd7 7. Qe2 Be7 8. 0-0 0-0 9. d4 d5 10. Nbd2 dxe4 11. Nxe4 Nxe4 12. Qxe4 Qc7 13. c4 Bf6 14. Rfd1 Rfd8 15. Rd2 cxd4 16. Bxd4 Nc5 17. Qe3 Bxd4 18. Nxd4 a6 19. Rad1 e5 20. Nf5 Rxd2 21. Rxd2 Rd8 22. h3 Rxd2 23. Qxd2 g6 24. Nh6+ Kg7 25. Ng4 Nd7 26. Qh6+ Kg8 27. Qg5 Kf8 28. Ne3 f6 29. Qh6+ Kg8 30. Nd5 Qd6 31. Qd2 Kg7 32. Qa5 Nc5 33. b4 Ne6 34. a4 Qc6 35. Ne3 Nc7 36. b5 Qd6 37. Qc3 Ne6 38. Nd5 Nd4 39. Qb4 Qxb4 40. Nxb4 axb5 41. axb5 Kf7 42. f3 Ke6 43. Kf2 Kd6 44. Nd3 Nb3 45. Ke3 Na5 46. c5+ Kd5 47. c6 bxc6 48. bxc6 Nc4+ 49. Ke2 Kxc6 50. Nb4+ Kc5 51. Na6+ Kd4 52. Nc7 Nb6 53. Ne6+ Kd5 54. Nf8 Kd6 55. Nxh7 Ke7 56. g4 Nd7 57. Ke3 Kf7 58. f4 Kg7 59. g5 exf4+ 60. Kxf4 Kxh7 61. gxf6 Nxf6 62. Kg5 Kg7 0-1

[Event "Main Vogelsberg op 2nd"]
[Site "Grossauheim"]
[Date "2007.06.10"]
[Round "7"]
[White "Ehemann, Pascal"]
[Black "Hock, Gerold"]
[Result "1/2-1/2"]
[WhiteElo "1890"]
[BlackElo "1982"]
[PlyCount "53"]
[EventDate "2007.06.07"]
[EventType "swiss"]
[EventRounds "7"]
[EventCountry "GER"]
[SourceTitle "EXT 2008"]
[Source "ChessBase"]
[SourceDate "2007.11.25"]
[SourceVersion "1"]
[SourceVersionDate "2007.11.25"]
[SourceQuality "1"]

1. e4 c6 2. d4 d5 3. Nd2 dxe4 4. Nxe4 Bf5 5. Ng3 Bg6 6. h4 h6 7. c3 Nd7 8. Nf3 Ngf6 9. Bd3 Bxd3 10. Qxd3 Qc7 11. Ne2 e6 12. Bf4 Bd6 13. g3 0-0-0 14. 0-0-0 Kb8 15. Bxd6 Qxd6 16. Nf4 Nd5 17. Nxd5 cxd5 18. Rhe1 Rc8 19. Ne5 Nxe5 20. Rxe5 h5 21. Qf3 f5 22. Rde1 Rh6 23. Qf4 Rc6 24. Qg5 Qd7 25. Qf4 Kc8 26. R1e2 Qf7 27. Kb1 1/2-1/2

[Event "Main Vogelsberg op 2nd"]
[Site "Grossauheim"]
[Date "2007.06.09"]
[Round "5"]
[White "Lindner, Marco"]
[Black "Hock, Gerold"]
[Result "1/2-1/2"]
[WhiteElo "1970"]
[BlackElo "1982"]
[PlyCount "32"]
[EventDate "2007.06.07"]
[EventType "swiss"]
[EventRounds "7"]
[EventCountry "GER"]
[SourceTitle "EXT 2008"]
[Source "ChessBase"]
[SourceDate "2007.11.25"]
[SourceVersion "1"]
[SourceVersionDate "2007.11.25"]
[SourceQuality "1"]

1. d4 Nf6 2. Nf3 d5 3. g3 e6 4. Bg2 Be7 5. 0-0 0-0 6. Nbd2 Nbd7 7. b3 b6 8. Bb2 Bb7 9. c4 c5 10. cxd5 Bxd5 11. Re1 Ne4 12. Nxe4 Bxe4 13. dxc5 Nxc5 14. Ne5 Rc8 15. Bxe4 Nxe4 16. Rc1 Rxc1 1/2-1/2

[Event "Schweinfurt op"]
[Site "Schweinfurt"]
[Date "2007.05.18"]
[Round "3"]
[White "Hock, Gerold"]
[Black "Wilhelm, Holger"]
[Result "1-0"]
[WhiteElo "2068"]
[BlackElo "1598"]
[PlyCount "113"]
[EventDate "2007.05.17"]
[EventType "swiss"]
[EventRounds "7"]
[EventCountry "GER"]
[SourceTitle "CBM 118 Extra"]
[Source "ChessBase"]
[SourceDate "2007.07.04"]
[SourceVersion "1"]
[SourceVersionDate "2007.07.04"]
[SourceQuality "1"]

1. d4 d5 2. Nf3 Nf6 3. Bg5 Bf5 4. e3 e6 5. Bd3 Bxd3 6. Qxd3 c6 7. Nbd2 Be7 8. 0-0 0-0 9. c4 Nfd7 10. Bf4 Re8 11. a3 Nf8 12. c5 Nbd7 13. b4 Ng6 14. Bg3 Nf6 15. Ne5 Nf8 16. Bh4 N6d7 17. Bxe7 Qxe7 18. f4 f6 19. Nxd7 Nxd7 20. e4 f5 21. e5 h6 22. a4 Reb8 23. b5 a5 24. g4 g6 25. gxf5 gxf5 26. Qh3 Qh7 27. Kf2 Kf7 28. Rg1 Rg8 29. Qh5+ Rg6 30. Rxg6 Qxg6 31. Qxg6+ Kxg6 32. Rg1+ Kf7 33. b6 Nb8 34. Kg3 Na6 35. Kh4 Nb4 36. Rg3 Nc2 37. Nb3 Na3 38. Kh5 Nc4 39. Rg6 Ne3 40. Rxh6 Kg7 41. Kg5 Ng2 42. Rxe6 Kf7 43. Rf6+ Ke7 44. Rg6 Kf7 45. Rf6+ Ke7 46. Rh6 Rg8+ 47. Rg6 Rh8 48. Rg7+ Ke6 49. Nxa5 Rh4 50. Rxb7 Rg4+ 51. Kh6 Nxf4 52. Nxc6 Rh4+ 53. Kg7 Rg4+ 54. Kf8 Ng6+ 55. Ke8 f4 56. Rf7 Nxe5 57. Nd8# 1-0

[Event "Schweinfurt op"]
[Site "Schweinfurt"]
[Date "2007.05.17"]
[Round "2"]
[White "Seuffert, Gabriel"]
[Black "Hock, Gerold"]
[Result "1-0"]
[WhiteElo "2339"]
[BlackElo "2068"]
[PlyCount "51"]
[EventDate "2007.05.17"]
[EventType "swiss"]
[EventRounds "7"]
[EventCountry "GER"]
[SourceTitle "CBM 118 Extra"]
[Source "ChessBase"]
[SourceDate "2007.07.04"]
[SourceVersion "1"]
[SourceVersionDate "2007.07.04"]
[SourceQuality "1"]

1. c4 e6 2. d4 d5 3. Nc3 Nf6 4. Bg5 Be7 5. cxd5 exd5 6. e3 0-0 7. Qc2 c6 8. Bd3 Nbd7 9. Nge2 Re8 10. 0-0 Nf8 11. f3 Nh5 12. Bxe7 Qxe7 13. e4 dxe4 14. fxe4 Bg4 15. Rf2 Rad8 16. Raf1 Nf6 17. e5 Nd5 18. Nxd5 cxd5 19. Nc3 Ng6 20. Qb3 Be6 21. Nb5 Ra8 22. Nd6 Reb8 23. Nxf7 Bxf7 24. Rxf7 Qxf7 25. Rxf7 Kxf7 26. Qxd5+ 1-0

[Event "Hessenliga 0607"]
[Site "Germany"]
[Date "2007.03.25"]
[Round "9.8"]
[White "Bajramovic, Bego"]
[Black "Hock, Gerold"]
[Result "1-0"]
[WhiteElo "2144"]
[BlackElo "2053"]
[PlyCount "35"]
[EventDate "2006.09.17"]
[EventType "team"]
[EventRounds "9"]
[EventCountry "GER"]
[SourceTitle "EXT 2008"]
[Source "ChessBase"]
[SourceDate "2007.11.25"]
[SourceVersion "1"]
[SourceVersionDate "2007.11.25"]
[SourceQuality "1"]
[WhiteTeam "Giessen"]
[BlackTeam "Dettingen"]
[WhiteTeamCountry "GER"]
[BlackTeamCountry "GER"]

1. e4 c5 2. Nf3 g6 3. d4 cxd4 4. Nxd4 Bg7 5. Nc3 Nc6 6. Be3 Nf6 7. Bc4 0-0 8. Bb3 Qc7 9. f3 a6 10. Qd2 b5 11. 0-0-0 Na5 12. Bh6 Bb7 13. Bxg7 Kxg7 14. g4 Rad8 15. h4 h5 16. gxh5 Nxh5 17. Nf5+ gxf5 18. Qg5+ 1-0

[Event "Hessenliga 0607"]
[Site "Germany"]
[Date "2006.12.03"]
[Round "5.8"]
[White "Hock, Gerold"]
[Black "Geisselmann, Frank"]
[Result "1-0"]
[WhiteElo "2053"]
[BlackElo "2065"]
[PlyCount "71"]
[EventDate "2006.09.17"]
[EventType "team"]
[EventRounds "9"]
[EventCountry "GER"]
[SourceTitle "EXT 2008"]
[Source "ChessBase"]
[SourceDate "2007.11.25"]
[SourceVersion "1"]
[SourceVersionDate "2007.11.25"]
[SourceQuality "1"]
[WhiteTeam "Dettingen"]
[BlackTeam "Frankfurt BvK II"]
[WhiteTeamCountry "GER"]
[BlackTeamCountry "GER"]

1. d4 d5 2. Nf3 c6 3. e3 Bf5 4. Bd3 Bxd3 5. Qxd3 e6 6. 0-0 Nf6 7. b3 Nbd7 8. c4 Bd6 9. Ba3 Qe7 10. Bxd6 Qxd6 11. Nc3 0-0 12. Rad1 Rfe8 13. Rd2 Qc7 14. Rfd1 Rac8 15. e4 dxe4 16. Nxe4 Nxe4 17. Qxe4 Nf6 18. Qe2 h6 19. Ne5 Rcd8 20. f4 Qb6 21. Kh1 a5 22. g4 Nd7 23. c5 Qc7 24. Nc4 b6 25. Nd6 Rf8 26. Qe3 Nf6 27. g5 Nd5 28. Qe5 hxg5 29. fxg5 bxc5 30. dxc5 Qe7 31. Ne4 Rb8 32. Rxd5 cxd5 33. Nf6+ Kh8 34. Rd4 Rb4 35. Rxb4 axb4 36. Qf4 1-0

[Event "Main Vogelsberg op 1st"]
[Site "Hanau"]
[Date "2006.05.01"]
[Round "6.13"]
[White "Genis, Roy"]
[Black "Hock, Gerold"]
[Result "0-1"]
[WhiteElo "1879"]
[BlackElo "2053"]
[PlyCount "131"]
[EventDate "2006.04.28"]
[EventType "swiss"]
[EventRounds "7"]
[EventCountry "GER"]
[SourceTitle "EXT 2022"]
[Source "ChessBase"]
[SourceDate "2021.10.06"]
[SourceVersion "1"]
[SourceVersionDate "2021.10.06"]
[SourceQuality "1"]

1. e4 e5 2. Nf3 Qe7 3. Nc3 c6 4. d4 d6 5. dxe5 dxe5 6. Bc4 h6 7. Be3 Nf6 8. Qd2 b5 9. Bd3 Ng4 10. 0-0-0 g6 11. Nxb5 Nxe3 12. fxe3 cxb5 13. Bxb5+ Bd7 14. Qd5 Bxb5 15. Qxa8 Qc7 16. Qd5 Be2 17. Rd2 Bxf3 18. Qb5+ Nc6 19. gxf3 Be7 20. Rhd1 0-0 21. Rd7 Qc8 22. Qc4 Bg5 23. R7d6 Nd4 24. Rxg6+ Kh7 25. Qxc8 Bxe3+ 26. Kb1 Rxc8 27. Rf6 Kg7 28. Ra6 Nxc2 29. a3 Rc7 30. Rd3 Bg1 31. Rd2 Ne1 32. Rad6 Bb6 33. h3 Nxf3 34. Rg2+ Kh7 35. Rf6 Ng5 36. Rg4 Bd4 37. b3 Nxh3 38. Rh4 Nf4 39. Rfxh6+ Kg7 40. Rh7+ Kf8 41. Rh8+ Ke7 42. R4h7 Ne2 43. Rxf7+ Kxf7 44. Rh7+ Ke6 45. Rxc7 Nc3+ 46. Kc2 Nxe4 47. Kd3 Kd5 48. Rd7+ Nd6 49. a4 Kc6 50. Re7 a5 51. Rh7 Kd5 52. Re7 Bc5 53. Rh7 e4+ 54. Ke2 Kd4 55. Rh3 Bb4 56. Rh5 Nb7 57. Rh3 Nc5 58. Rg3 Bc3 59. Rxc3 Kxc3 60. Ke3 Kxb3 61. Kd4 Kxa4 62. Kxc5 e3 63. Kc4 e2 64. Kc3 e1Q+ 65. Kc4 Qe5 66. Kd3 0-1

[Event "Main Vogelsberg op 1st"]
[Site "Hanau"]
[Date "2006.04.30"]
[Round "5.12"]
[White "Hock, Gerold"]
[Black "Seifert, Norbert"]
[Result "1/2-1/2"]
[WhiteElo "2053"]
[BlackElo "2119"]
[PlyCount "86"]
[EventDate "2006.04.28"]
[EventType "swiss"]
[EventRounds "7"]
[EventCountry "GER"]
[SourceTitle "EXT 2022"]
[Source "ChessBase"]
[SourceDate "2021.10.06"]
[SourceVersion "1"]
[SourceVersionDate "2021.10.06"]
[SourceQuality "1"]

1. d4 Nf6 2. Nf3 e6 3. c4 b6 4. Bg5 Bb7 5. Nbd2 Be7 6. Qc2 c5 7. e3 cxd4 8. exd4 d5 9. cxd5 Bxd5 10. Bd3 h6 11. Be3 0-0 12. 0-0 Nc6 13. a3 Rc8 14. Ba6 Rb8 15. Qd3 Bd6 16. Bc4 Bxc4 17. Nxc4 Rc8 18. Rac1 Bb8 19. Rfd1 Qd5 20. h3 Rfd8 21. Qe2 Qb5 22. Kf1 Ne7 23. Nce5 Qxe2+ 24. Kxe2 Nfd5 25. Rxc8 Rxc8 26. Rc1 Rxc1 27. Bxc1 f6 28. Nd3 Nc6 29. Kd1 Kf7 30. Kc2 h5 31. Kb3 Bd6 32. Kc4 Ke7 33. Bd2 a6 34. a4 Kd7 35. b4 g6 36. Ng1 b5+ 37. axb5 axb5+ 38. Kxb5 Nxd4+ 39. Kc4 Nc6 40. Ne2 Nb6+ 41. Kb5 Nd5 42. Nc5+ Bxc5 43. bxc5 Nc7+ 1/2-1/2

[Event "Hessenliga 0506"]
[Site "Germany"]
[Date "2005.12.18"]
[Round "6.7"]
[White "Kreiling, Carsten"]
[Black "Hock, Gerold"]
[Result "1/2-1/2"]
[WhiteElo "2207"]
[BlackElo "2053"]
[PlyCount "84"]
[EventDate "2005.09.11"]
[EventType "team"]
[EventRounds "11"]
[EventCountry "GER"]
[SourceTitle "EXT 2007"]
[Source "ChessBase"]
[SourceDate "2006.11.23"]
[SourceVersion "1"]
[SourceVersionDate "2006.11.23"]
[SourceQuality "1"]
[WhiteTeam "Eppstein"]
[BlackTeam "Dettingen"]
[WhiteTeamCountry "GER"]
[BlackTeamCountry "GER"]

1. d4 Nf6 2. Nf3 e6 3. c4 Bb4+ 4. Bd2 Qe7 5. g3 Ne4 6. Bg2 Bxd2+ 7. Nfxd2 Nxd2 8. Qxd2 d6 9. Nc3 Nd7 10. 0-0 0-0 11. e4 c6 12. d5 cxd5 13. exd5 e5 14. b4 b6 15. Ne4 Ba6 16. Rfc1 Rac8 17. Bf1 f5 18. Ng5 Bb7 19. a4 Ra8 20. a5 Rfc8 21. Ne6 Nf8 22. Nxf8 Rxf8 23. Rc2 f4 24. Bh3 Bc8 25. Bxc8 Raxc8 26. axb6 axb6 27. Ra6 Rb8 28. Rca2 Rb7 29. Ra8 fxg3 30. hxg3 Rc7 31. Qe2 g6 32. Kg2 Kg7 33. Rxf8 Qxf8 34. Rc2 Qa8 35. Qe4 Qa3 36. b5 Ra7 37. f4 Re7 38. Re2 Qa7 39. Qf3 exf4 40. Rxe7+ Qxe7 41. Qxf4 Qe2+ 42. Kh3 Qh5+ 1/2-1/2

[Event "Unterfranken-ch M1 56th"]
[Site "Stetten"]
[Date "2005.03.31"]
[Round "7"]
[White "Roeder, Hans Martin"]
[Black "Hock, Gerold"]
[Result "1-0"]
[WhiteElo "2069"]
[BlackElo "1998"]
[PlyCount "59"]
[EventDate "2005.03.28"]
[EventType "swiss"]
[EventRounds "9"]
[EventCountry "GER"]
[SourceTitle "EXT 2015"]
[Source "ChessBase"]
[SourceDate "2014.11.20"]
[SourceVersion "1"]
[SourceVersionDate "2014.11.20"]
[SourceQuality "1"]

1. d4 d5 2. Nf3 Nf6 3. Bf4 e6 4. e3 b6 5. Bd3 Bd6 6. c3 a5 7. 0-0 Ba6 8. Re1 Bxd3 9. Qxd3 Ne4 10. Ne5 f6 11. Nc4 Be7 12. Ncd2 f5 13. f3 Nxd2 14. Nxd2 Bd6 15. Bxd6 Qxd6 16. e4 0-0 17. Re2 fxe4 18. fxe4 Nd7 19. Rae1 Rf7 20. Nf3 Nf8 21. Ng5 Rd7 22. exd5 exd5 23. Rf1 Qg6 24. Qe3 h6 25. Nh3 Nh7 26. Nf4 Qd6 27. Qg3 Nf8 28. Re5 c6 29. Nh5 Qg6 30. Rxf8+ 1-0

[Event "Unterfranken-ch M1 56th"]
[Site "Stetten"]
[Date "2005.03.29"]
[Round "4"]
[White "Hock, Gerold"]
[Black "Feller, Simon"]
[Result "1/2-1/2"]
[WhiteElo "1998"]
[BlackElo "1742"]
[PlyCount "81"]
[EventDate "2005.03.28"]
[EventType "swiss"]
[EventRounds "9"]
[EventCountry "GER"]
[SourceTitle "EXT 2015"]
[Source "ChessBase"]
[SourceDate "2014.11.20"]
[SourceVersion "1"]
[SourceVersionDate "2014.11.20"]
[SourceQuality "1"]

1. d4 d5 2. c4 c6 3. cxd5 cxd5 4. Nc3 e6 5. Nf3 Nf6 6. Bf4 Bd6 7. Ne5 Nc6 8. e3 a6 9. Bd3 Bxe5 10. Bxe5 0-0 11. g4 Nxe5 12. dxe5 Nd7 13. f4 Qh4+ 14. Kd2 Qf2+ 15. Qe2 Qxe2+ 16. Kxe2 Nc5 17. Bc2 b6 18. Rhd1 a5 19. e4 Ba6+ 20. Ke3 dxe4 21. Nxe4 Rfd8 22. Nxc5 bxc5 23. Be4 Rac8 24. Rxd8+ Rxd8 25. Rc1 c4 26. Rc3 Rb8 27. Rc2 Kf8 28. Bf3 Ke7 29. Be2 c3 30. bxc3 Bxe2 31. Rxe2 Kd7 32. Kd4 Kc6 33. Kc4 Rd8 34. Rb2 Rd1 35. Rf2 Re1 36. g5 Re4+ 37. Kd3 Kd5 38. Rf1 Ra4 39. Rf2 Re4 40. h4 g6 41. Rf1 1/2-1/2